000 00271nam a22001097a 4500
999 _c155304
_d155304
082 _a
_b
100 _aJyoti Mungal
245 _aVartman sandarbh me Nirmal Verma ke paatra/
_cby Jyoti Mungal.
260 _aKanpur:
_bAbhay Prakashan,
_c2013.
650 _a
942 _cBK